Meyers kleines Lexikon in drei Bänden

Gespeichert in:
Bibliographische Detailangaben
Format: Buch
Sprache:Deutsch
Veröffentlicht: Leipzig WEB Bibliographisches Institut 1971
Ausgabe:10. völlig neubearb. Aufl.
Tags: Tag hinzufügen
Keine Tags, Fügen Sie das erste Tag hinzu!

MARC

LEADER 00000nam a2200000 4500
001 c121435
005 20221207065856.0
041 0 |a ger 
044 |a DE 
245 1 0 |a Meyers kleines Lexikon  |b in drei Bänden 
250 |a 10. völlig neubearb. Aufl. 
250 |a 2. Nachdruck 
264 1 |a Leipzig  |b WEB Bibliographisches Institut  |c 1971 
300 |a 890 s.  |e 1 mp.